000 00570nam a2200181Ia 4500
008 090124s9999 xx 000 0 und d
082 _b11650
100 _aजोशी विमला
245 _a कोथिंबिरीची फुले
250 _a0
260 _bशंकुतला लाटकर
300 _a110
600 _aजोशी विमला
630 _a कोथिंबिरीची फुले
700 _aजोशी विमला
730 _a कोथिंबिरीची फुले
942 _cBOOK
999 _c86445
_d86445